The presidents / (Record no. 6140)

MARC details
000 -LEADER
fixed length control field 00995nam a22002657a 4500
001 - CONTROL NUMBER
control field 6140
003 - CONTROL NUMBER IDENTIFIER
control field FISKH
005 - DATE AND TIME OF LATEST TRANSACTION
control field 20250318151132.0
008 - FIXED-LENGTH DATA ELEMENTS--GENERAL INFORMATION
fixed length control field 250318b cb ||||| |||| 00| 0 eng d
020 ## - INTERNATIONAL STANDARD BOOK NUMBER
International Standard Book Number 9780545483117
040 ## - CATALOGING SOURCE
Original cataloging agency FISKH
Language of cataloging eng
Transcribing agency FISKH
Modifying agency FISKH
050 ## - LIBRARY OF CONGRESS CALL NUMBER
Classification number E178 .D2525
082 ## - DEWEY DECIMAL CLASSIFICATION NUMBER
Classification number 973
100 ## - MAIN ENTRY--PERSONAL NAME
Personal name Davis, Kenneth C.
245 ## - TITLE STATEMENT
Title The presidents /
Statement of responsibility, etc. Kenneth C. Davis athor of the best selling Don't know much about history / Illustrated by Pedro Martin
250 ## - EDITION STATEMENT
Edition statement First Scholastic printing , October 2012
260 ## - PUBLICATION, DISTRIBUTION, ETC.
Place of publication, distribution, etc. New York :
Name of publisher, distributor, etc. Scholastic ;
Date of publication, distribution, etc. 2002.
300 ## - PHYSICAL DESCRIPTION
Extent 63 pages :
Other physical details color illustrations ;
Dimensions 26 cm .
490 ## - SERIES STATEMENT
Series statement Don't know much about
520 ## - SUMMARY, ETC.
Summary, etc. Presents, in question and answer format, a history of the United States from the exploration of Christopher Columbus to the terrorist attacks of September 11, 2001.
650 ## - SUBJECT ADDED ENTRY--TOPICAL TERM
Topical term or geographic name entry element Questions and answers
Form subdivision Non-fiction
700 ## - ADDED ENTRY--PERSONAL NAME
Personal name Martin, Pedro
Relator term illustrator
942 ## - ADDED ENTRY ELEMENTS (KOHA)
Source of classification or shelving scheme Dewey Decimal Classification
Koha item type Books
Suppress in OPAC No
Holdings
Withdrawn status Lost status Source of classification or shelving scheme Damaged status Not for loan Collection Home library Current library Shelving location Date acquired Total Checkouts Full call number Barcode Date last seen Copy number Price effective from Koha item type
    Dewey Decimal Classification     Non-Fiction Footprints International School Library Network Toul Tom Poung Campus Footprints International School Library Network Toul Tom Poung Campus TTP Secondary Non-Fiction Bookshelves 03/18/2025   DAV 973 E178 .D2525 FISSE01060 03/18/2025 1 03/18/2025 Books
    Dewey Decimal Classification     Non-Fiction Footprints International School Library Network Toul Tom Poung Campus Footprints International School Library Network Toul Tom Poung Campus TTP Secondary Non-Fiction Bookshelves 03/18/2025   DAV 973 E178 .D2525 FISSE01059 03/18/2025 2 03/18/2025 Books
    Dewey Decimal Classification     Non-Fiction Footprints International School Library Network Toul Tom Poung Campus Footprints International School Library Network Toul Tom Poung Campus TTP Secondary Non-Fiction Bookshelves 07/29/2025   DAV 973 E178 .D2525 FISTK04987 07/29/2025 3 07/29/2025 Books